St. Francis of Assisi

Uloženo v:
Podrobná bibliografie
Hlavní autor: Chesterton, Gilbert keith (Autor)
Médium: Kniha
Jazyk:španělština
Vydáno: Nueva York Image Books 1957
Témata:
Tagy: Přidat tag
Žádné tagy, Buďte první, kdo vytvoří štítek k tomuto záznamu!

MARC

LEADER 00000nam a2200000 a 4500
001 UCI4303
003 CL-VaPUC
008 080111e19570000US |||||||||||||||||spa|d
082 0 4 |a 922.22  |b CHE  |2 21 
100 0 |a Chesterton, Gilbert keith  |e author  |9 347361 
245 1 0 |a St. Francis of Assisi 
300 |a 158 p 
942 |c BK 
945 |d 20080111 00:00:00  |a rbrito 
260 |a Nueva York  |b Image Books  |c 1957 
500 |a Donación Padres Capuchinos 
600 0 7 |a FRANCISCO DE ASIS  |2 CL-VaPUC  |9 515664 
650 0 |a Biografías  |9 255210 
650 0 |a Vida religiosa  |9 257284 
650 7 |a SANTOS  |2 CL-VaPUC  |9 313738 
583 |a last modification  |c 20080111 00:00:00  |k Rodrigo Vera 
999 |c 328259  |d 328257 
952 |0 0  |1 0  |4 0  |6 922_220000000000000_CHE_1957  |7 0  |8 X  |9 412065  |a FDOBUD  |b FDOBUD  |d 2019-11-22  |i 4400763  |o 922.22 CHE 1957  |p 4400763  |r 2019-11-22  |w 2019-11-22  |y BK_X  |k BUD